VfB Stuttgarts Siege 24/25 - Statistiken

Allgemein
  • Dieses Quiz wurde 116 mal gespielt
    86 seit der letzten Aktualisierung
  • Das Durchschnittsergebnis liegt bei 14 aus 17
Antwortstatistiken
Wettbewerb Verein % Korrekt
Bundesliga, DFB-Pokal RB Leipzig
99%
Bundesliga Borussia Dortmund
97%
DFP-Pokal Arminia Bielefeld
96%
Champions League Juventus Turin
95%
Bundesliga, DFB-Pokal FC Augsburg
92%
Bundesliga SC Freiburg
89%
Bundesliga 1. FC Heidenheim
88%
DFB-Pokal 1. FC Kaiserslautern
86%
Champions League Young Boys Bern
84%
Bundesliga Borussia Mönchengladbach
82%
Bundesliga St. Pauli
82%
Bundesliga Union Berlin
82%
Bundesliga VfL Bochum
82%
Bundesliga Hostein Kiel
79%
DFB-Pokal Preußen Münster
75%
Champions League Slovan Bratislava
72%
DFB-Pokal Jahn Regensburg
67%
Keine übereinstimmenden Quizze gefunden
Verteilung der Resultate
Anzahl Personen mit jedem Resultat
Perzentil nach korrekt beantworteten Fragen
Ihre Resultats-Entwicklung
Sie haben dieses Quiz seit der letzten Aktualisierung nicht gespielt